[Event "NWC 1991.01"]
[Site "Seattle USA"]
[Date "1991.??.??"]
[Round "?"]
[White "Vetemaa, Juri"]
[Black "O'Donnell, Tom"]
[Result "1-0"]
[WhiteElo "2415"]
[BlackElo "2375"]
[PlyCount "111"]
[GameId "2129405199806259"]
[EventDate "1991.01.??"]
[EventType "tourn"]
[EventRounds "7"]
[EventCountry "USA"]
[SourceTitle "EXT 2004"]
[Source "ChessBase"]
[SourceDate "2003.11.25"]
[SourceVersion "1"]
[SourceVersionDate "2003.11.25"]
[SourceQuality "1"]

1. e4 c5 2. c3 Nf6 3. e5 Nd5 4. d4 cxd4 5. cxd4 e6 6. Nf3 b6 7. Nc3 Nxc3 8. bxc3 Qc7 9. Qb3 Bb7 10. Ba3 Nc6 11. Bxf8 Rxf8 12. Be2 f6 13. exf6 Rxf6 14. O-O O-O-O 15. c4 g5 16. d5 Na5 17. Qd3 Kb8 18. Nxg5 exd5 19. cxd5 Rg8 20. Ne4 Rf5 21. Ng3 Rxd5 22. Qxh7 Rdg5 23. Rad1 Bc6 24. f4 R5g6 25. Qf7 b5 26. Bd3 Qb6+ 27. Rf2 R6g7 28. Qf6 Nb7 29. Be4 Nc5 30. Bxc6 dxc6 31. Qd4 Kb7 32. Rc1 Nd7 33. Qxb6+ Kxb6 34. f5 c5 35. Re1 b4 36. Re6+ Kb5 37. f6 Nxf6 38. Rexf6 a5 39. R6f5 Rc7 40. Ne4 Rg6 41. Rc2 Rgc6 42. h4 a4 43. Nd2 Rd7 44. h5 Rd4 45. Kf2 Kb6 46. Nf3 Rd8 47. Ne5 Rc7 48. g4 Kb5 49. h6 b3 50. axb3 axb3 51. Re2 Kb4 52. g5 c4 53. Rf4 Rd5 54. g6 Rxe5 55. Rxe5 b2 56. Re1 1-0

[Event "Budapest-2"]
[Site "Budapest HUN"]
[Date "1991.??.??"]
[Round "?"]
[White "O'Donnell, Tom"]
[Black "Muse, Drazen"]
[Result "1-0"]
[WhiteElo "2450"]
[BlackElo "2500"]
[PlyCount "67"]
[GameId "2129405200136670"]
[EventDate "1991.??.??"]
[EventType "tourn"]
[EventRounds "12"]
[EventCountry "HUN"]
[SourceTitle "CFC 1991.06"]
[SourceDate "2011.01.01"]
[SourceVersion "1"]
[SourceVersionDate "2011.01.01"]
[SourceQuality "1"]

1. e4 c5 2. Nf3 Nc6 3. d4 cxd4 4. Nxd4 g6 5. c4 Bg7 6. Be3 Nf6 7. Nc3 O-O 8. Be2 d6 9. O-O Bd7 10. Rc1 Nxd4 11. Bxd4 Bc6 12. f3 a5 13. b3 Nd7 14. Bxg7 Kxg7 15. f4 Qb6+ 16. Kh1 f5 17. exf5 gxf5 18. Bf3 Rf6 19. Re1 Kf8 20. Qe2 e6 21. Qd1 Bxf3 22. Qxf3 Qc6 23. Qh3 Rg6 24. Nd5 exd5 25. Qxh7 Rg7 26. Qh8+ Rg8 27. Qh6+ Rg7 28. Re7 Kxe7 29. Qxg7+ Ke6 30. Re1+ Ne5 31. fxe5 dxc4 32. exd6+ Kxd6 33. Qe7+ Kd5 34. Qe5# 1-0

[Event "Cansys"]
[Site "Budapest HUN"]
[Date "1991.??.??"]
[Round "3"]
[White "Kishnev, Sergey"]
[Black "O'Donnell, Tom"]
[Result "1-0"]
[WhiteElo "2520"]
[BlackElo "2375"]
[PlyCount "73"]
[GameId "2129405200314532"]
[EventDate "1991.??.??"]
[EventType "tourn"]
[EventRounds "13"]
[EventCountry "HUN"]
[EventCategory "8"]
[SourceTitle "EXP 23"]

1. d4 Nc6 2. e4 d5 3. exd5 Qxd5 4. Nf3 e5 5. Nc3 Bb4 6. Bd2 Bxc3 7. Bxc3 e4 8. Ne5 Nxe5 9. dxe5 Ne7 10. Qxd5 Nxd5 11. Ba5 b6 12. O-O-O Bb7 13. Bd2 O-O-O 14. Be2 h6 15. Rhe1 Rhe8 16. c4 Ne7 17. Bh5 Rf8 18. b3 Kb8 19. Bb4 c5 20. Rxd8+ Rxd8 21. Bd2 g6 22. Bd1 h5 23. Bc2 e3 24. Bxe3 Bxg2 25. Bg5 Re8 26. e6 f5 27. Rg1 Bh3 28. Rg3 Bg4 29. h3 h4 30. Re3 Bh5 31. b4 Kb7 32. Ba4 f4 33. Rd3 Nc6 34. e7 Nxb4 35. Bxe8 Nxd3+ 36. Kd2 Ne5 37. Bc6+ 1-0

[Event "Cansys"]
[Site "Budapest HUN"]
[Date "1991.??.??"]
[Round "4"]
[White "Atalik, Suat"]
[Black "O'Donnell, Tom"]
[Result "1-0"]
[WhiteElo "2420"]
[BlackElo "2375"]
[PlyCount "73"]
[GameId "2129405200314539"]
[EventDate "1991.??.??"]
[EventType "tourn"]
[EventRounds "13"]
[EventCountry "HUN"]
[EventCategory "8"]
[SourceTitle "EXP 23"]

1. d4 d5 2. c4 c6 3. Nf3 Nf6 4. e3 e6 5. Nbd2 c5 6. cxd5 Nxd5 7. Nb3 cxd4 8. Nbxd4 Bd7 9. Bc4 Nc6 10. O-O Nb6 11. Bd3 Nxd4 12. Nxd4 Bc5 13. Qg4 g6 14. Bd2 O-O 15. Nb3 Bd6 16. Rad1 Qe7 17. Na5 Rab8 18. Qf3 Bb4 19. a3 Bxd2 20. Rxd2 Rfc8 21. Qg3 Ba4 22. Be4 Qc7 23. Qxc7 Rxc7 24. b3 Be8 25. Rfd1 f5 26. Bf3 e5 27. h4 e4 28. Be2 Kf8 29. g4 Rc5 30. b4 Rc3 31. Rd8 Rxd8 32. Rxd8 Nd7 33. Nxb7 Ke7 34. Ra8 Rxa3 35. Na5 fxg4 36. Rxa7 h5 37. Nc6+ 1-0

[Event "Cansys"]
[Site "Budapest HUN"]
[Date "1991.??.??"]
[Round "5"]
[White "O'Donnell, Tom"]
[Black "Van Mil, Johannes"]
[Result "1/2-1/2"]
[WhiteElo "2375"]
[BlackElo "2430"]
[PlyCount "107"]
[GameId "2129405200314549"]
[EventDate "1991.??.??"]
[EventType "tourn"]
[EventRounds "13"]
[EventCountry "HUN"]
[EventCategory "8"]
[SourceTitle "EXP 23"]

1. e4 c5 2. Nf3 e6 3. d4 cxd4 4. Nxd4 Nc6 5. Nb5 d6 6. c4 Nf6 7. N1c3 a6 8. Na3 b6 9. Be2 Bb7 10. f4 Be7 11. Bf3 O-O 12. O-O Rc8 13. Be3 Na5 14. Qd3 Qc7 15. Rac1 Nd7 16. Rfd1 Rfd8 17. Qe2 Bf8 18. Nd5 Qc6 19. Nb5 axb5 20. cxb5 Qxc1 21. Rxc1 exd5 22. exd5 Rxc1+ 23. Bxc1 Rc8 24. Be3 Nf6 25. Bxb6 Nc4 26. Bd4 Nxd5 27. Qd1 Nce3 28. Qd3 Rc1+ 29. Kf2 Nc4 30. g3 Nb4 31. Qe2 Rc2 32. Bxb7 Rxe2+ 33. Kxe2 Nxa2 34. Bd5 Nc1+ 35. Kd1 Nb3 36. Bf2 Nba5 37. b6 Nxb2+ 38. Ke2 Na4 39. b7 Nxb7 40. Bxb7 Nc3+ 41. Kd3 Nb5 42. Bb6 d5 43. Bxd5 h5 44. Bb3 g6 45. Kc4 Nd6+ 46. Kd5 Nc8 47. Bf2 Bb4 48. f5 gxf5 49. Bd1 h4 50. gxh4 Bd6 51. h3 Bh2 52. Bc5 Kg7 53. h5 Nd6 54. Bxd6 1/2-1/2

[Event "Cansys"]
[Site "Budapest HUN"]
[Date "1991.??.??"]
[Round "6"]
[White "Zakic, Srdjan"]
[Black "O'Donnell, Tom"]
[Result "1/2-1/2"]
[WhiteElo "2350"]
[BlackElo "2375"]
[PlyCount "42"]
[GameId "2129405200314559"]
[EventDate "1991.??.??"]
[EventType "tourn"]
[EventRounds "13"]
[EventCountry "HUN"]
[EventCategory "8"]
[SourceTitle "EXP 23"]

1. e4 c5 2. Nf3 d6 3. d4 cxd4 4. Nxd4 Nf6 5. Nc3 g6 6. Be3 Bg7 7. f3 O-O 8. Qd2 Nc6 9. g4 Be6 10. O-O-O Nxd4 11. Bxd4 Qa5 12. a3 Rfc8 13. h4 Rab8 14. Nd5 Qxd2+ 15. Rxd2 Nxd5 16. Bxg7 Kxg7 17. exd5 Bd7 18. Rd4 Rc5 19. Bd3 h6 20. Re1 Re8 21. Kd2 b6 1/2-1/2

[Event "Cansys"]
[Site "Budapest HUN"]
[Date "1991.??.??"]
[Round "8"]
[White "Hazai, Laszlo"]
[Black "O'Donnell, Tom"]
[Result "1-0"]
[WhiteElo "2450"]
[BlackElo "2375"]
[PlyCount "55"]
[GameId "2129405200314568"]
[EventDate "1991.??.??"]
[EventType "tourn"]
[EventRounds "13"]
[EventCountry "HUN"]
[EventCategory "8"]
[SourceTitle "EXP 23"]

1. e4 c5 2. Nf3 d6 3. d4 cxd4 4. Nxd4 Nf6 5. Nc3 g6 6. Be3 Bg7 7. f3 O-O 8. Qd2 Nc6 9. Bc4 Bd7 10. h4 Rc8 11. Bb3 Ne5 12. O-O-O Nc4 13. Bxc4 Rxc4 14. g4 Qc7 15. h5 Rc8 16. Kb1 b5 17. hxg6 fxg6 18. Nd5 Nxd5 19. exd5 b4 20. Qh2 h6 21. b3 Rc3 22. Bxh6 Be5 23. Bf4 Bg7 24. Qh7+ Kf7 25. Rh6 Bf5 26. gxf5 Rxc2 27. Qxg6+ Kg8 28. f6 1-0

[Event "Cansys"]
[Site "Budapest HUN"]
[Date "1991.??.??"]
[Round "9"]
[White "O'Donnell, Tom"]
[Black "Horvath, Jozsef"]
[Result "0-1"]
[WhiteElo "2375"]
[BlackElo "2540"]
[PlyCount "114"]
[GameId "2129405200314576"]
[EventDate "1991.??.??"]
[EventType "tourn"]
[EventRounds "13"]
[EventCountry "HUN"]
[EventCategory "8"]
[SourceTitle "EXP 23"]

1. e4 c5 2. Nf3 e6 3. d4 cxd4 4. Nxd4 Nc6 5. Nb5 d6 6. c4 Nf6 7. N1c3 a6 8. Na3 b6 9. Be2 Bb7 10. f4 Be7 11. Bf3 O-O 12. O-O Rc8 13. Be3 Re8 14. Rc1 Bf8 15. Qd2 Nd7 16. Rfd1 Nc5 17. Nc2 Na5 18. Qe2 Nd7 19. Na3 Nc6 20. Nab1 Ba8 21. Nd2 Qc7 22. b3 Qb8 23. Kh1 Rcd8 24. a3 Rc8 25. h3 Nf6 26. Bg1 g6 27. Nf1 Bh6 28. g3 Bg7 29. Kg2 Re7 30. Qd3 Rd8 31. Na4 Rb7 32. b4 e5 33. b5 axb5 34. cxb5 Nd4 35. Bxd4 exd4 36. Qxd4 Re7 37. Qxb6 Rb7 38. Qe3 Rxb5 39. Nc3 Rb2+ 40. Rd2 Rb3 41. Rd3 Rxa3 42. Rcd1 Re8 43. Qc1 Rb3 44. Nd2 Rb2 45. Re1 Rc8 46. Qd1 Qb4 47. Qa4 Rxd2+ 48. Rxd2 Qxc3 49. Ree2 Bc6 50. Qd1 Re8 51. Rd4 Bb5 52. Qd2 Qc5 53. Re1 Nd7 54. e5 Nb6 55. Rxd6 Nc4 56. Qd4 Qxd6 57. exd6 Bxd4 0-1

[Event "Cansys"]
[Site "Budapest HUN"]
[Date "1991.??.??"]
[Round "11"]
[White "O'Donnell, Tom"]
[Black "Spiriev, Peter"]
[Result "1/2-1/2"]
[WhiteElo "2375"]
[BlackElo "2285"]
[PlyCount "87"]
[GameId "2129405200314591"]
[EventDate "1991.??.??"]
[EventType "tourn"]
[EventRounds "13"]
[EventCountry "HUN"]
[EventCategory "8"]
[SourceTitle "EXP 23"]

1. e4 c5 2. Nf3 d6 3. d4 cxd4 4. Nxd4 Nf6 5. Nc3 a6 6. a4 e6 7. Be3 Qc7 8. Be2 b6 9. Qd2 Bb7 10. f3 Be7 11. g4 Nc6 12. g5 Nd7 13. h4 Na5 14. f4 Nc4 15. Bxc4 Qxc4 16. O-O-O Nc5 17. Qg2 Nxa4 18. Nxa4 Qxa4 19. Kb1 e5 20. fxe5 dxe5 21. h5 exd4 22. Bxd4 O-O-O 23. Bxb6 Rxd1+ 24. Rxd1 Bxe4 25. Qh2 Qc6 26. Rd4 Qxb6 27. Rxe4 Bd6 28. Qh3+ Kb8 29. Re3 Ka8 30. Rb3 Qc6 31. Rc3 Qb7 32. Rb3 Qe7 33. Re3 Be5 34. Qf3+ Ka7 35. Qf2 Kb8 36. Qe2 f6 37. Qxa6 Qc5 38. Rb3+ Kc7 39. Qb7+ Kd8 40. Rd3+ Ke8 41. Qd7+ Kf8 42. Qd8+ Kf7 43. Qxh8 Qb5 44. Rb3 1/2-1/2

[Event "Cansys"]
[Site "Budapest HUN"]
[Date "1991.??.??"]
[Round "12"]
[White "Moskalenko, Viktor"]
[Black "O'Donnell, Tom"]
[Result "1/2-1/2"]
[WhiteElo "2525"]
[BlackElo "2375"]
[PlyCount "80"]
[GameId "2129405200314598"]
[EventDate "1991.??.??"]
[EventType "tourn"]
[EventRounds "13"]
[EventCountry "HUN"]
[EventCategory "8"]
[SourceTitle "EXP 23"]

1. d4 d5 2. c4 c6 3. Nc3 Nf6 4. Nf3 e6 5. Bg5 dxc4 6. e4 b5 7. e5 h6 8. Bh4 g5 9. exf6 gxh4 10. Ne5 Qxf6 11. a4 Bb4 12. g3 Bb7 13. Bg2 h3 14. Be4 a6 15. axb5 axb5 16. Rxa8 Bxa8 17. O-O O-O 18. f4 Qg7 19. f5 exf5 20. Rxf5 Bb7 21. Qh5 Bxc3 22. bxc3 Bc8 23. Rf4 Qg5 24. Qf3 f5 25. Bxc6 Nxc6 26. Qxc6 Qh5 27. g4 Qg5 28. Qg6+ Qxg6 29. Nxg6 Rf7 30. gxf5 Bxf5 31. Rxf5 Rg7 32. Rxb5 Rxg6+ 33. Kf1 Rg2 34. Rh5 Rxh2 35. Rxh6 Kg7 36. Rh4 Kf6 37. d5 Ke5 38. Rxc4 Kxd5 39. Rh4 Rc2 40. Rxh3 Kc4 1/2-1/2

[Event "Cansys"]
[Site "Budapest HUN"]
[Date "1991.??.??"]
[Round "13"]
[White "O'Donnell, Tom"]
[Black "Werner, Dimo"]
[Result "1/2-1/2"]
[WhiteElo "2375"]
[BlackElo "2395"]
[PlyCount "82"]
[GameId "2129405200314606"]
[EventDate "1991.??.??"]
[EventType "tourn"]
[EventRounds "13"]
[EventCountry "HUN"]
[EventCategory "8"]
[SourceTitle "EXP 23"]

1. e4 e6 2. d4 d5 3. Nd2 Nf6 4. e5 Nfd7 5. f4 c5 6. c3 Nc6 7. Ndf3 cxd4 8. cxd4 Nb6 9. Bd3 g6 10. Ne2 h5 11. a3 a5 12. O-O Bd7 13. Be3 a4 14. Bf2 Be7 15. Qb1 Rg8 16. Qe1 Na5 17. Bh4 Bxh4 18. Nxh4 Nbc4 19. Rb1 Qb6 20. Kh1 Bc6 21. Nf3 Nb3 22. Bxc4 dxc4 23. Nc3 O-O-O 24. Rd1 Rd7 25. d5 Bxd5 26. Nxa4 Qc6 27. Nc3 Bxf3 28. Rxf3 Rxd1 29. Qxd1 Rd8 30. Qe1 Nc5 31. h3 Rd4 32. Kh2 b6 33. a4 Rd3 34. Rxd3 Nxd3 35. Qd2 g5 36. fxg5 Qc5 37. Qe2 h4 38. g3 Qd4 39. gxh4 Qf4+ 40. Kg2 Qxh4 41. Qe3 Nf4+ 1/2-1/2

[Event "Reno op"]
[Site "Reno USA"]
[Date "1991.??.??"]
[Round "?"]
[White "Karklins, Andrew"]
[Black "O'Donnell, Tom"]
[Result "1-0"]
[WhiteElo "2310"]
[BlackElo "2375"]
[PlyCount "73"]
[GameId "2129405201201984"]
[EventDate "1991.??.??"]
[EventType "swiss"]
[EventRounds "7"]
[EventCountry "USA"]
[SourceTitle "EXT 2000"]
[Source "ChessBase"]
[SourceDate "1999.11.18"]
[SourceVersion "1"]
[SourceVersionDate "1999.11.18"]
[SourceQuality "1"]

1. e4 Nc6 2. d4 d5 3. Bb5 a6 4. Bxc6+ bxc6 5. Nc3 e6 6. Nge2 Nf6 7. Qd3 c5 8. exd5 Nxd5 9. O-O Bb7 10. Rd1 cxd4 11. Qxd4 Nxc3 12. Nxc3 Qxd4 13. Rxd4 Rd8 14. Be3 Rxd4 15. Bxd4 Bd6 16. Re1 Kd7 17. Ne4 f6 18. f4 Re8 19. g3 Kc6 20. Kf2 e5 21. Nd2 Rf8 22. Be3 exf4 23. Bxf4 Bc5+ 24. Be3 Re8 25. Nb3 Bxe3+ 26. Rxe3 Rxe3 27. Kxe3 Kd5 28. c4+ Ke5 29. Nc5 Bc8 30. b4 g5 31. a4 f5 32. Nd3+ Kd6 33. a5 Bb7 34. Nc5 Bc8 35. Kd4 h5 36. b5 axb5 37. cxb5 1-0

[Event "Reno op"]
[Site "Reno USA"]
[Date "1991.??.??"]
[Round "?"]
[White "O'Donnell, Tom"]
[Black "Ivanov, Alexander"]
[Result "1/2-1/2"]
[WhiteElo "2375"]
[BlackElo "2525"]
[PlyCount "87"]
[GameId "2129405201267532"]
[EventDate "1991.??.??"]
[EventType "swiss"]
[EventRounds "7"]
[EventCountry "USA"]
[SourceTitle "EXT 2000"]
[Source "ChessBase"]
[SourceDate "1999.11.18"]
[SourceVersion "1"]
[SourceVersionDate "1999.11.18"]
[SourceQuality "1"]

1. e4 c5 2. c3 d6 3. d4 Nf6 4. Bd3 cxd4 5. cxd4 g6 6. Nc3 Bg7 7. h3 O-O 8. Nf3 Nc6 9. O-O e5 10. Be3 exd4 11. Nxd4 d5 12. Nxc6 bxc6 13. exd5 Nxd5 14. Nxd5 cxd5 15. Bc5 Re8 16. Bb5 Re6 17. Rb1 Rb8 18. Ba4 d4 19. b4 Bb7 20. Bb3 Re5 21. Qd2 d3 22. Rbe1 Qd7 23. Rxe5 Bxe5 24. Re1 Bd6 25. Bxa7 Qc6 26. f3 Re8 27. Rxe8+ Qxe8 28. Bc5 Bxc5+ 29. bxc5 Qd7 30. Kh2 Qc7+ 31. f4 Ba6 32. Qe3 Qd7 33. Qe4 d2 34. c6 Qc7 35. Qe3 Qxc6 36. Qxd2 Bb7 37. Qf2 g5 38. Qg3 h6 39. fxg5 Qxg2+ 40. Qxg2 Bxg2 41. Kxg2 hxg5 42. Kg3 Kg7 43. h4 gxh4+ 44. Kxh4 1/2-1/2

[Event "Schneider mem op"]
[Site "Budapest HUN"]
[Date "1991.??.??"]
[Round "1"]
[White "Goczan, Laszlo"]
[Black "O'Donnell, Tom"]
[Result "1/2-1/2"]
[WhiteElo "2230"]
[BlackElo "2375"]
[PlyCount "41"]
[GameId "2129405201398975"]
[EventDate "1991.??.??"]
[EventType "swiss"]
[EventRounds "11"]
[EventCountry "HUN"]
[SourceTitle "TD 91\05"]

1. d4 d5 2. Nf3 c6 3. c3 Nf6 4. Bf4 g6 5. h3 Bg7 6. e3 O-O 7. Bd3 Re8 8. Nbd2 Nbd7 9. Ne5 Nf8 10. Qc2 N6d7 11. O-O Nxe5 12. Bxe5 Bxe5 13. dxe5 Ne6 14. b4 a5 15. f4 Qb6 16. Rae1 Ng7 17. a3 axb4 18. axb4 Nf5 19. Rf3 f6 20. Nb3 Ng7 21. Nd4 1/2-1/2

[Event "Schneider mem op"]
[Site "Budapest HUN"]
[Date "1991.??.??"]
[Round "3"]
[White "Utasi, Tamas"]
[Black "O'Donnell, Tom"]
[Result "0-1"]
[WhiteElo "2345"]
[BlackElo "2375"]
[PlyCount "86"]
[GameId "2129405201399002"]
[EventDate "1991.??.??"]
[EventType "swiss"]
[EventRounds "11"]
[EventCountry "HUN"]
[SourceTitle "TD 91\05"]

1. e4 Nc6 2. Nf3 e5 3. Bb5 Nge7 4. O-O g6 5. c3 Bg7 6. d4 exd4 7. cxd4 d5 8. exd5 Nxd5 9. Re1+ Be6 10. Nc3 O-O 11. Bg5 Nxc3 12. bxc3 Qd6 13. Qd2 a6 14. Bf1 Rfe8 15. Bf4 Qd7 16. Bh6 Bd5 17. Bxg7 Kxg7 18. Ng5 Na5 19. Qf4 Qd6 20. Qd2 h6 21. Nf3 Bxf3 22. gxf3 Qf6 23. Re3 Rxe3 24. Qxe3 Rd8 25. Re1 Rd6 26. Qe5 Re6 27. Qxf6+ Kxf6 28. Re3 Rc6 29. Be2 Nc4 30. Bxc4 Rxc4 31. Kf1 Ra4 32. Re2 Ra3 33. Rc2 Ke6 34. Ke2 Kd5 35. Kd3 b5 36. f4 b4 37. f3 c6 38. h4 h5 39. Rc1 a5 40. Rc2 f6 41. Kd2 Rxc3 42. Rxc3 bxc3+ 43. Kxc3 g5 0-1

[Event "Schneider mem op"]
[Site "Budapest HUN"]
[Date "1991.??.??"]
[Round "4"]
[White "O'Donnell, Tom"]
[Black "Varga, Zoltan"]
[Result "1/2-1/2"]
[WhiteElo "2375"]
[BlackElo "2370"]
[PlyCount "26"]
[GameId "2129405201399012"]
[EventDate "1991.??.??"]
[EventType "swiss"]
[EventRounds "11"]
[EventCountry "HUN"]
[SourceTitle "TD 91\05"]

1. e4 Nf6 2. e5 Nd5 3. d4 d6 4. Nf3 Nb6 5. a4 a5 6. Bd3 g6 7. O-O Bg7 8. Bf4 O-O 9. c3 Nc6 10. h3 Be6 11. Qe2 Qd7 12. Nbd2 Bf5 13. Ne4 h6 1/2-1/2

[Event "Schneider mem op"]
[Site "Budapest HUN"]
[Date "1991.??.??"]
[Round "5"]
[White "Kiss, Laszlo"]
[Black "O'Donnell, Tom"]
[Result "0-1"]
[WhiteElo "2275"]
[BlackElo "2375"]
[PlyCount "100"]
[GameId "2129405201399017"]
[EventDate "1991.??.??"]
[EventType "swiss"]
[EventRounds "11"]
[EventCountry "HUN"]
[SourceTitle "TD 91\05"]

1. d4 d5 2. Nf3 Nf6 3. Bf4 e6 4. e3 c5 5. c3 Nc6 6. Nbd2 Bd6 7. Bxd6 Qxd6 8. Bb5 O-O 9. O-O Bd7 10. Re1 Nxd4 11. Bxd7 Nxf3+ 12. Qxf3 Qxd7 13. e4 dxe4 14. Nxe4 Nxe4 15. Rxe4 Rad8 16. h3 Qc6 17. b4 cxb4 18. Rxb4 Qxf3 19. gxf3 b6 20. c4 Rd3 21. Rb3 Rfd8 22. Kg2 Kf8 23. Rc1 Ke7 24. c5 Rxb3 25. axb3 bxc5 26. Rxc5 Kd6 27. Rc4 Rb8 28. Rd4+ Kc6 29. Rc4+ Kd7 30. Rd4+ Ke7 31. Rc4 Rb7 32. Kg3 Kd6 33. Rd4+ Kc5 34. Rc4+ Kb5 35. Kf4 Rd7 36. Kg3 a5 37. Rc8 Kb4 38. Rb8+ Kc3 39. Rb5 Rd5 40. Rb7 Rf5 41. Kg2 h5 42. Rb8 h4 43. Rb7 g6 44. Rb8 Kd2 45. Rc8 Rg5+ 46. Kf1 Rb5 47. Rc7 Rxb3 48. Rxf7 a4 49. Re7 a3 50. Rxe6 Rb1+ 0-1

[Event "Schneider mem op"]
[Site "Budapest HUN"]
[Date "1991.??.??"]
[Round "6"]
[White "O'Donnell, Tom"]
[Black "Stajcic, Nikola"]
[Result "1-0"]
[WhiteElo "2375"]
[BlackElo "2345"]
[PlyCount "47"]
[GameId "2129405201399032"]
[EventDate "1991.??.??"]
[EventType "swiss"]
[EventRounds "11"]
[EventCountry "HUN"]
[SourceTitle "TD 91\05"]

1. e4 e6 2. d4 d5 3. Nd2 c5 4. exd5 Qxd5 5. Ngf3 cxd4 6. Bc4 Qd6 7. O-O Nf6 8. Nb3 Nc6 9. Nbxd4 Nxd4 10. Nxd4 a6 11. Re1 Qc7 12. b3 Bd6 13. h3 O-O 14. Bb2 Rd8 15. Qf3 b5 16. Bxb5 axb5 17. Qxa8 Bb7 18. Nxb5 Qb6 19. Bd4 Qxb5 20. Qxd8+ Ne8 21. c4 Qc6 22. f3 Bc7 23. Qg5 f6 24. Qb5 1-0

[Event "Schneider mem op"]
[Site "Budapest HUN"]
[Date "1991.??.??"]
[Round "7"]
[White "Kuporosov, Viktor"]
[Black "O'Donnell, Tom"]
[Result "1-0"]
[WhiteElo "2485"]
[BlackElo "2375"]
[PlyCount "87"]
[GameId "2129405201399041"]
[EventDate "1991.??.??"]
[EventType "swiss"]
[EventRounds "11"]
[EventCountry "HUN"]
[SourceTitle "TD 91\05"]

1. e4 Nc6 2. Nf3 e5 3. Bb5 Nge7 4. O-O g6 5. c3 Bg7 6. d4 exd4 7. cxd4 d5 8. exd5 Nxd5 9. Re1+ Be6 10. Bxc6+ bxc6 11. Bg5 Qb8 12. Qd2 h6 13. Bh4 O-O 14. Nc3 Nxc3 15. bxc3 Qb5 16. Bg3 Rac8 17. Be5 Rfd8 18. Qf4 Qa5 19. Re3 Re8 20. h4 Re7 21. Bf6 Bxf6 22. Qxf6 Rce8 23. Ne5 Qd5 24. Rae1 Kh7 25. h5 gxh5 26. Nxc6 Bh3 27. Qf3 Qxf3 28. gxf3 Rg8+ 29. Kh2 Rxe3 30. fxe3 Bd7 31. Ne5 Be6 32. e4 f6 33. Nc6 Bd7 34. Nb4 c6 35. d5 cxd5 36. exd5 Re8 37. Rxe8 Bxe8 38. Nc6 Kg6 39. Nxa7 Kg5 40. Nc6 Kf4 41. a4 Kxf3 42. a5 Ke4 43. a6 Kxd5 44. Nb4+ 1-0

[Event "Schneider mem op"]
[Site "Budapest HUN"]
[Date "1991.??.??"]
[Round "8"]
[White "O'Donnell, Tom"]
[Black "Vakhidov, Tahir"]
[Result "1-0"]
[WhiteElo "2375"]
[BlackElo "2400"]
[PlyCount "82"]
[GameId "2129405201399053"]
[EventDate "1991.??.??"]
[EventType "swiss"]
[EventRounds "11"]
[EventCountry "HUN"]
[SourceTitle "TD 91\05"]

1. e4 e6 2. d4 d5 3. Nd2 Nf6 4. e5 Nfd7 5. f4 c5 6. c3 Nc6 7. Ndf3 Qb6 8. g3 cxd4 9. cxd4 Bb4+ 10. Kf2 f6 11. Kg2 O-O 12. Bd3 Be7 13. h4 f5 14. Ne2 Rf7 15. g4 Nf8 16. Ng5 Bxg5 17. hxg5 Bd7 18. b3 Rc8 19. Bb2 Nb4 20. Bb1 Ng6 21. gxf5 exf5 22. Qd2 Bb5 23. Nc3 Bd3 24. Kg3 Bxb1 25. Raxb1 Qa6 26. Rhd1 Nxa2 27. Nxd5 Qc6 28. Ne3 Nxf4 29. d5 Nh5+ 30. Kh4 Qg6 31. e6 Re7 32. Nc4 Rxc4+ 33. bxc4 Rc7 34. Rbc1 Nxc1 35. Rxc1 h6 36. d6 f4 37. Qd5 Ng3 38. e7+ Kh7 39. Kg4 Qh5+ 40. Kxf4 hxg5+ 41. Kxg3 Qh4+ 1-0

[Event "Spring op"]
[Site "Budapest HUN"]
[Date "1991.??.??"]
[Round "3"]
[White "O'Donnell, Tom"]
[Black "Born, Mario"]
[Result "1-0"]
[WhiteElo "2375"]
[BlackElo "2220"]
[PlyCount "63"]
[GameId "2129405201395731"]
[EventDate "1991.??.??"]
[EventType "swiss"]
[EventRounds "9"]
[EventCountry "HUN"]
[SourceTitle "TD 91\05"]

1. e4 c6 2. d4 d5 3. Nd2 dxe4 4. Nxe4 Nf6 5. Nxf6+ gxf6 6. Nf3 Bg4 7. Be2 e6 8. Be3 Qc7 9. h3 Bh5 10. O-O Nd7 11. c4 Nb6 12. Qc1 Bg7 13. Bf4 Qd7 14. Rd1 Rd8 15. a4 O-O 16. Ra3 Qe7 17. c5 Nc8 18. Bh6 Bg6 19. Nh2 e5 20. Bxg7 Kxg7 21. Re3 Qc7 22. dxe5 Rxd1+ 23. Bxd1 fxe5 24. Ng4 f6 25. Rf3 Qd8 26. Qh6+ Kh8 27. Nxe5 Qxd1+ 28. Kh2 Rg8 29. Nxg6+ Rxg6 30. Qf8+ Rg8 31. Qxf6+ Rg7 32. Rg3 1-0

[Event "Spring op"]
[Site "Budapest HUN"]
[Date "1991.??.??"]
[Round "5"]
[White "O'Donnell, Tom"]
[Black "Kecskes, Gabor"]
[Result "1-0"]
[WhiteElo "2375"]
[BlackElo "2255"]
[PlyCount "47"]
[GameId "2129405201395801"]
[EventDate "1991.??.??"]
[EventType "swiss"]
[EventRounds "9"]
[EventCountry "HUN"]
[SourceTitle "TD 91\05"]

1. e4 e6 2. d4 d5 3. Nd2 Nf6 4. e5 Nfd7 5. f4 c5 6. c3 Nc6 7. Ndf3 Qb6 8. g3 cxd4 9. cxd4 Bb4+ 10. Kf2 g5 11. fxg5 Ndxe5 12. Nxe5 Nxe5 13. Kg2 Nc4 14. Nf3 Bf8 15. b3 Nd6 16. Bd3 Bg7 17. Bf4 Bd7 18. Rc1 Nb5 19. Be5 Bxe5 20. Nxe5 Bc6 21. Qf1 Nd6 22. Qf6 Rf8 23. g6 hxg6 24. Nxg6 1-0

[Event "Spring op"]
[Site "Budapest HUN"]
[Date "1991.??.??"]
[Round "6"]
[White "Ionov, Sergey"]
[Black "O'Donnell, Tom"]
[Result "1/2-1/2"]
[WhiteElo "2515"]
[BlackElo "2375"]
[PlyCount "100"]
[GameId "2129405201395827"]
[EventDate "1991.??.??"]
[EventType "swiss"]
[EventRounds "9"]
[EventCountry "HUN"]
[SourceTitle "TD 91\05"]

1. c4 e6 2. g3 Nf6 3. Bg2 d5 4. Nf3 Be7 5. O-O O-O 6. b3 b6 7. Bb2 Bb7 8. e3 c5 9. Nc3 dxc4 10. bxc4 Nc6 11. Qe2 Rc8 12. Rfd1 Qc7 13. Rac1 Rfe8 14. d3 Qb8 15. Ne1 Na5 16. Bxb7 Qxb7 17. f4 a6 18. Rb1 Nd7 19. Ba1 Bf6 20. Nf3 Qc6 21. g4 g6 22. g5 Bg7 23. Ne4 e5 24. Nxe5 Nxe5 25. Bxe5 Bxe5 26. fxe5 Rxe5 27. Qg4 Rd8 28. Nf6+ Kh8 29. Qh4 h5 30. gxh6 g5 31. Qf2 Qd6 32. e4 b5 33. Nd5 f5 34. exf5 bxc4 35. dxc4 Nxc4 36. Ne3 Nd2 37. Qg3 Rde8 38. Ng4 Qd4+ 39. Kh1 Re4 40. Nf2 Re2 41. Rb8 Qd5+ 42. Kg1 Nf3+ 43. Kh1 Nd4+ 44. Kg1 Nf3+ 45. Kh1 Re1+ 46. Rxe1 Nxe1+ 47. Kg1 Nf3+ 48. Kf1 Nd2+ 49. Kg1 Nf3+ 50. Kf1 Nd2+ 1/2-1/2